Biological trait of camelina sativa on irrigation at chomkarleu district, kampong cham province,(លក្ខណៈជីវសាស្រ្តដំណាំកាមេលីណាសាទីរ៉ាក្នុងលខ័ណ្ឌស្រោចស្រព នៅស្រុុកចំការលើខេត្តកំពង់ចាម) (Record no. 680)

000 -LEADER
fixed length control field 00710nam a22001577a 4500
003 - CONTROL NUMBER IDENTIFIER
control field OSt
005 - DATE AND TIME OF LATEST TRANSACTION
control field 20150917163323.0
008 - FIXED-LENGTH DATA ELEMENTS--GENERAL INFORMATION
fixed length control field 150917b xxu||||| |||| 00| 0 eng d
040 ## - CATALOGING SOURCE
Transcribing agency RUA
082 ## - DEWEY DECIMAL CLASSIFICATION NUMBER
Classification number AGR THA 2005 B032 Or.1
100 ## - MAIN ENTRY--PERSONAL NAME
9 (RLIN) 706
Personal name THAI VUTHY
245 ## - TITLE STATEMENT
Title Biological trait of camelina sativa on irrigation at chomkarleu district, kampong cham province,(លក្ខណៈជីវសាស្រ្តដំណាំកាមេលីណាសាទីរ៉ាក្នុងលខ័ណ្ឌស្រោចស្រព នៅស្រុុកចំការលើខេត្តកំពង់ចាម)
260 ## - PUBLICATION, DISTRIBUTION, ETC. (IMPRINT)
Place of publication, distribution, etc. phnom penh
Name of publisher, distributor, etc. RUA
Date of publication, distribution, etc. 2005
300 ## - PHYSICAL DESCRIPTION
Extent xii,39p.
Dimensions ill.
Size of unit 29cm.
942 ## - ADDED ENTRY ELEMENTS (KOHA)
Source of classification or shelving scheme
Koha item type AGR
Holdings
Price effective from Date last seen Permanent Location Not for loan Date acquired Source of classification or shelving scheme Koha item type Barcode Lost status Damaged status Shelving location Withdrawn status Current Location Full call number
2015-09-172015-09-17Library Block B 2015-09-17 AGRRUA001370  B032 Library Block BAGR THA 2005 B032 Or.1
មជ្ឈមណ្ឌលឯការនៃសាកលវិទ្យាល័យភូមិន្ទកសិកម្មចំការដូង

Powered by Koha